MDQL
is popping MORE tags! Check the
thread
!
Quizzes
Events
Quiz Creation
Community
Videos
Private Events
Remove Ads
Sign In
Join for FREE
Feedback
Dark Mode
Quiz Categories
Sports
Geography
Music
Movies
Television
Just For Fun
Miscellaneous
History
Literature
Language
Science
Gaming
Entertainment
Religion
Holiday
For Kids
Quiz Lab
Recent
Popular Today
Quiz Kudos Today
Editor Picks
Curator Picks
Quizzes by...
Day
Popularity
Type
Ratings
Length
Year
Community
Subscriptions
Recent Discussions
Orange Saloon
Badges
Playlists
Quests
Create
Leaderboards
Showdown
Live 5
Trivia Bingo
Activity
Puzzle Library
Sporcle Events
Private Events
Virtual Trivia
Globe League
Become a Host
Pub Owners
SporcleCon
Opinionation
Our Games
Videos
Blog
Mobile Apps
Partnerships
Remove Ads and Go Orange
Feedback
Sports
Athletes
MLB
NBA
NHL
NFL
Soccer
Sports Teams
WWE
NCAA
Football
Premier League
Basketball
Baseball
Hockey
Golf
Tennis
Cricket
Rugby
Auto Racing
Olympics
World Cup
Sports
Athletes
MLB
NBA
NHL
NFL
Soccer
Sports Teams
WWE
NCAA
Football
Premier League
Basketball
Baseball
Hockey
Golf
Tennis
Cricket
Rugby
Auto Racing
Olympics
World Cup
Random Quiz
Search Sporcle
×
Quiz Lab
Quiz Lab
Sports
Clickable
Select answers by clicking on text or image buttons
Select answers by clicking on text or image buttons
Clickable
Best Score? Go Orange.
Minor League Baseball Cities Stats
Can you pick the Minor League Baseball Cities when given the team nickname, MLB affiliation and level of play?
By
kps7179
18m
70 Questions
136 Plays
136 Plays
136 Plays
Comments
Comments
Give Quiz Kudos
Give Quiz Kudos
-
- Ratings
hide this ad
Forced Order
Answers have to be entered in order
Answers have to be entered in order
Replay
Link that replays current quiz
Next Quiz
Link to next quiz in quiz playlist
You Got
0%
They Got
Avg Score
64%
Avg Friend Score
Upgrade to see
Score Distribution
Jump to the score distribution portion of the page
Score
0/70
Timer
18:00
0
Plays Today
% Correct
Buffalo, NY
86%
Durham, NC
86%
Albuquerque, NM
84.6%
Toledo, OH
83.8%
Norfolk, VA
82.4%
Tacoma, WA
82.4%
Nashville, TN
81.6%
Lehigh Valley, PA
80.1%
Louisville, KY
79.4%
Columbus, OH
78.7%
Chattanooga, TN
77.9%
Altoona, PA
77.2%
Round Rock, TX
75.7%
Las Vegas, NV
75.7%
Birmingham, AL
75.7%
Rochester, NY
74.3%
Tulsa, OK
74.3%
Bowie, MD
73.5%
Charlotte, NC
72.8%
New Orleans, LA
72.8%
Lansing, MI
72.8%
Montgomery, AL
72.1%
Memphis, TN
72.1%
Portland, ME
72.1%
Frederick, MD
70.6%
El Paso, TX
69.9%
Reno, NV
69.9%
Akron, OH
69.9%
Trenton, NJ
69.9%
Syracuse, NY
69.1%
San Antonio, TX
68.4%
Harrisburg, PA
66.2%
Salt Lake City, UT
65.4%
Colorado Springs, CO
65.4%
Sacramento, CA
64.7%
% Correct
Corpus Christi, TX
64.7%
Myrtle Beach, SC
64%
Erie, PA
62.5%
Fresno, CA
61%
Richmond, VA
60.3%
Frisco, TX
60.3%
Augusta, GA
60.3%
Dayton, OH
59.6%
Jacksonville, FL
58.8%
Manchester, NH
57.4%
Biloxi, MS
57.4%
Lexington, KY
56.6%
Kodak, TN
55.1%
Mobile, AL
55.1%
Charleston, SC
55.1%
Little Rock, AR
54.4%
Midland, TX
54.4%
Wilmington, DE
54.4%
Appleton, WI
54.4%
Jackson, TN
53.7%
Fort Myers, FL
53.7%
Pensacola, FL
52.9%
Clearwater, FL
52.9%
Springdale, AR
52.2%
Fort Wayne, IN
52.2%
Comstock Park, MI
51.5%
Greensboro, NC
50.7%
Salisbury, MD
50%
San Bernadino, CA
48.5%
Daytona Beach, FL
48.5%
Davenport, IA
44.9%
Greenville, SC
44.9%
Winston-Salem, NC
41.9%
Lakewood Township, NJ
40.4%
Port Charlotte, FL
38.2%
Quiz Playlist
Details
Report
Send in Message
Add To Playlist
Clickable:
Select answers by clicking on text or image buttons
Forced Order:
Answers have to be entered in order
Quiz Source
Last Updated: Feb 16, 2017
Quiz Scoreboard
CHALLENGE
Sign Up to Join the Scoreboard
Show All
Scores
Hide
Comments
May contain spoilers
Recently Published
Two Season TV Shows II
by 123Four
Television
10m
Image Sorting: Flags VI
by Barbecue
Geography
2m
Find the 'City' Movie
by crazypaving
Movies
60s
More to Explore
Quiz From the Vault
Featured Blog Post
14 Easter Pick-up Lines to Find Eggs With
hide this ad
You Might Also Like...
Tags
Baseball Quiz
City Quiz
Clickable Quiz
MLB Quiz
Affiliation
League
Level
minor
Minor League
nickname
team
Today's Top Quizzes in Sports
Browse Sports
hide this ad
Today's Top Quizzes in Clickable
Browse Clickable
Top Contributed Quizzes in Sports
1
Les meilleurs buteurs des matchs entre le PSG et l’OM
2
Les entraîneurs de l'OM et du PSG au 21e siècle
3
2022 World Cup Stars
4
Les joueurs passés par le PSG et l'OM
5
Players with Multiple 50 Home Run Seasons
6
FIFA Club World Cup Champions
7
Criteria MLB: Left Handed Sluggers
8
Les joueurs passés par le LOSC et le RC Lens
9
Top 10 NHL Goal Scorers of All Time
10
NBA Logic Puzzle 2.0
Explore More
Trending Topics
Disney
NBA
Kpop
Harry Potter
Anime
Marvel
Crossword
Song
The Office
Puzzle
WWE
Pokémon
NFL
Soccer
Country
hide this ad
More By:
kps7179
Quiz
Plays
Rating
Category
Featured
Created
Famous 20th Century Quotes
80,149
4.52
History
Feb 19, 2013
Famous Quotes in History by Women
38,503
4.54
History
Jan 15, 2014
Philosopher Biographies
23,548
4.48
History
Mar 6, 2013
Famous 19th Century Quotes
18,275
4.53
History
Feb 19, 2013
2012 MLB Teams Over .500 (clickable version)
4,105
4.31
Sports
Oct 5, 2012
Go to Creator's Profile
Score Distribution
Quiz Creator Spotlight
kps7179
Follow
Send a Message
Quizzes Created
-
Created Quiz Play Count
-
More By This Creator
Popular Quizzes Today
1
Find the US States - No Outlines Minefield
2
Colored Red Africa Blitz
3
Find the 'City' Movie
4
5x2 Blitz: Bands
5
The Countries of the World
6
Find the Countries of Europe - No Outlines Minefield
7
Find the US States
8
US States
More Sports Quizzes
Who's on the Wrestlemania 36 Poster?
Curator's Pick
Trending Quizzes
Colored Red Europe Blitz I
Colored Red Africa Blitz II
Colored Red Europe Blitz II
Even More Two Season TV Shows
Colored Red Africa Blitz III
Recently Updated
March Madness Men's Triple Doubles
pecheneg
How Do You Spell That?
pecheneg
Godzilla Movies
pecheneg
Grab Bag: 4-10 Letters
pecheneg
2024 March Madness Bracket
pecheneg
Famous TV Couples
Peacemaker
Champions League XIs: Real Madrid
pecheneg
Largest US Cities 1790-2010
pecheneg
Rides in Walt Disney World
pecheneg
Most Oscar Losses (Acting)
pecheneg
Trending Topics
Disney
NBA
Crossword
Marvel
Kpop
Anime
Harry Potter
Pokémon
WWE
Puzzle
Soccer
Country
The Office
Song
NFL
Your Account Isn't Verified!
In order to create a playlist on Sporcle, you need to verify the email address you used during registration. Go to your
Sporcle Settings
to finish the process.
Report this User
Report this user for behavior that violates our
Community Guidelines
.
Details:
Send Report
Go to the Sporcle.com Mobile Site →
Comments